000 00613nam a2200205Ia 4500
003 GCL
008 140319s9999 xx 000 0 ara d
040 _aGCL /
_cGCL
082 0 4 _a823.0876
_bو ا
100 1 _aصبرى الفضل
245 1 0 _aاول رجال على سطح القمر /
_cصبرى الفضل
700 1 _aويلز, هـ0 ج
300 _a237 ص
490 _aمكتبة الاسرة
_v0
650 0 4 _aالادب الانجليزى
650 0 4 _aالقصص العلمية
650 0 4 _aالادب المترجم للعربية
650 0 4 _aالخيال العلمى
942 _2ddc
_cBK
999 _c50776
_d50776